000 nam a22 7a 4500
999 _c43985
_d43985
003 OSt
005 20180415145149.0
008 180415b xxu||||| |||| 00| 0 eng d
040 _cIIMT
100 _aKOLMAN
245 _aDISCRETE MATHEMATICSCAL STRUCTURES
260 _aNEW DELHI
_bPHI
_c2012
300 _a522
942 _2ddc
_c01